| 000 | 00887nam a22001937a 4500 | ||
|---|---|---|---|
| 008 | 120605s2002 sz|||||r|||| 00| 0 ara d | ||
| 020 | _a924156217X | ||
| 082 |
_222 _a610.73 _bا ت ج |
||
| 110 |
_930010 _aمنظمة الصحة العالمية |
||
| 245 |
_aالاتجاهات الاستراتيجيه لتعزيز خدمات التمريض والقبالة / _cمنظمة الصحة العالمية |
||
| 260 |
_aجنيف : _bبسكال ريتشارد، _c2002. |
||
| 300 |
_a49 ص.: _bايض. ؛ _c26 سم. |
||
| 504 | _aيشتمل على ارجاعات ببليوجرافية. | ||
| 541 | _aDonation from Dr. Shahraze | ||
| 650 |
_930011 _aالتمريض |
||
| 653 |
_bNUR _cJune2012 |
||
| 942 |
_2ddc _cNRB |
||
| 999 |
_c16746 _d16746 |
||